Online Public Access Catalogue

Pediatrics : PreTest self-assessment and review (Record no. 1958)

MARC details
000 -LEADER
fixed length control field 00479nam a2200157Ia 4500
020 ## - INTERNATIONAL STANDARD BOOK NUMBER
International Standard Book Number 0070520275
082 ## - DEWEY DECIMAL CLASSIFICATION NUMBER
Classification number 618.9200076
Author Mark SCH
100 ## - MAIN ENTRY--PERSONAL NAME
Author Name Schaeffer, Annabelle V.
245 #0 - TITLE STATEMENT
Title Pediatrics : PreTest self-assessment and review
250 ## - EDITION STATEMENT
Edition statement 7th
260 ## - PUBLICATION, DISTRIBUTION, ETC.
Place of publication, distribution, etc. New Yark
Name of publisher, distributor, etc. McGreaw-Hill
Date of publication, distribution, etc. 1995
300 ## - PHYSICAL DESCRIPTION
No of Pages vii, 250 p.
illustrations :ill;
504 ## - BIBLIOGRAPHY, ETC. NOTE
Bibliography, Index, etc. note include index
650 ## - SUBJECT ADDED ENTRY--TOPICAL TERM
Subject Pediatrics, Paediatrics
Keywords Examination Question
-- Question answer
-- Child diseases
-- IMDC
942 ## - ADDED ENTRY ELEMENTS (KOHA)
Koha item type Books
Source of classification or shelving scheme
Holdings
Item status Home library Current library Shelving location Date acquired Total Checkouts Full call number Barcode Date last seen Koha item type
  Islamabad Medical and Dental College Islamabad Medical and Dental College Islamabad Medical and Dental College 16/03/2018   618.9200076 SCH 2766 16/03/2018 Books
  Islamabad Medical and Dental College Islamabad Medical and Dental College Islamabad Medical and Dental College 16/03/2018   618.9200076 SCH 2767 16/03/2018 Books
  Islamabad Medical and Dental College Islamabad Medical and Dental College Islamabad Medical and Dental College 16/03/2018   618.9200076 SCH 2768 16/03/2018 Books
  Islamabad Medical and Dental College Islamabad Medical and Dental College Islamabad Medical and Dental College 16/03/2018   618.9200076 SCH 2769 16/03/2018 Books
  Islamabad Medical and Dental College Islamabad Medical and Dental College Islamabad Medical and Dental College 16/03/2018   618.9200076 SCH 2770 16/03/2018 Books

Copyright @ IMDC Library
Islamabad Medical and Dental College
Bhara Kahu, Islamabad

  Contact the Librarian, IMDC
  Email:: library@imdcollege.edu.pk

  OPAC Customized by
  Mazhar Hussain,
  Librarian:
  Islamabad Medical and Dental College
  Email:: library@imdcollege.edu.pk